| 000 | 01066cam a2200289 i 4500 | ||
|---|---|---|---|
| 001 | 200454812 | ||
| 999 |
_c200454812 _d73024 |
||
| 003 | TR-AnTOB | ||
| 005 | 20241129155058.0 | ||
| 007 | ta | ||
| 008 | 130107n ta tur | ||
| 040 |
_aIU _cIU _beng _erda _dTR-AnTOB |
||
| 041 | 0 | _atur | |
| 060 | 1 | _aQS 17 | |
| 096 |
_aQS 17 _bK14 |
||
| 245 | 0 | 0 |
_aKalb : _banatomik transparantlar olarak / _c[hazrlayanlar Virginia Samter, Arnold W.Ryan]. |
| 264 | 1 |
_aİstanbul : _bAboott Laboratories, _c[date of publication not identified] |
|
| 300 |
_aunnumbered pages : _billustrations ; _c24 cm |
||
| 336 |
_2rdacontent _atext _btxt |
||
| 337 |
_2rdamedia _aunmediated _bn |
||
| 338 |
_2rdacarrier _avolume _bnc |
||
| 500 | _aBu broşürün resimleri Illinois Üniversitesi Tıp Fakültesi’nin anatomi profesörü Dr. Arnold Zimmermann’ın idaresi altında Virginia Samter ve Arnold W. Ryan tarafından hazırlanmıştır. | ||
| 500 | _aResimler üç boyutlu naylon sayfalar üzerindedir. | ||
| 653 | _aHeart | ||
| 653 | _aAnatomy | ||
| 942 |
_2NLM _cBK |
||